| 000 | 00523nam a22001937a 4500 | ||
|---|---|---|---|
| 003 | OSt | ||
| 005 | 20140310182904.0 | ||
| 008 | 130126t xxu||||| |||| 00| 0 eng d | ||
| 050 |
_aBX 1968 _b.M883 1967 |
||
| 082 |
_aFIL 282 _bL32 1967 |
||
| 245 |
_aOur Catholic faith : _ba manual of religion / _cMorrow,Louis LaRavoire |
||
| 260 |
_aManila : _bCatholic Trade, _c1977-. |
||
| 300 |
_av : ill. ; _c 26 cm. |
||
| 521 | _aCollege | ||
| 526 | _c1210L-1700L | ||
| 541 | _j1 | ||
| 562 | _e1 | ||
| 942 |
_2lcc _cBK _kFIL |
||
| 999 |
_c17134 _d17134 |
||